LEADER 01209nam--2200373---450- 001 990003685160203316 005 20120907113853.0 010 $a978-88-7870-632-3 035 $a000368516 035 $aUSA01000368516 035 $a(ALEPH)000368516USA01 035 $a000368516 100 $a20120907d2012----km-y0itay50------ba 101 0 $aita 102 $aIT 105 $aa---||||001yy 200 1 $aProspettive su teatro e neuroscienze$eDialoghi e sperimentazioni$fa cura di Clelia Falletti, Gabriele Sofia 210 $aRoma$cBulzoni$d2012 215 $a248 p.$cill.$d23 cm 225 2 $aBiblioteca teatrale$iTeatro neuroscienze scienze dell'uomo$v1 410 0$12001$aBiblioteca teatrale$iTeatro neuroscienze scienze dell'uomo$v1 606 0 $aTeatro sperimentale$2BNCF 676 $a792.0223 702 1$aFALLETTI,$bClelia 702 1$aSOFIA,$bGabriele 801 0$aIT$bsalbc$gISBD 912 $a990003685160203316 951 $aXIII.1.B. 977$b7285 L.M.$cXIII.1.B.$d00316267 959 $aBK 969 $aUMA 979 $aPASSARO$b90$c20120907$lUSA01$h1136 979 $aPASSARO$b90$c20120907$lUSA01$h1138 996 $aProspettive su teatro e neuroscienze$91140210 997 $aUNISA LEADER 01821nam 2200493I 450 001 9910703962303321 005 20150915161138.0 035 $a(CKB)5470000002436117 035 $a(OCoLC)921194984 035 $a(EXLCZ)995470000002436117 100 $a20150915j201408 ua 0 101 0 $aeng 135 $aurcn||||||||| 181 $ctxt$2rdacontent 182 $cc$2rdamedia 183 $acr$2rdacarrier 200 10$aInternational Space Station (ISS) plasma contactor unit (PCU) utilization plan assessment update /$fAmri Hernandez-Pellerano [and eleven others] 205 $aCorrected copy. 210 1$aHampton, Virginia :$cNational Aeronautics and Space Administration, Langley Research Center,$dAugust 2014. 215 $a1 online resource (194 pages) $ccolor illustrations, maps 225 1 $aNASA/TM ;$v2014-218512 300 $aTitle from title screen (viewed Sept. 14, 2015). 300 $a"August 2014." 320 $aIncludes bibliographical references (pages 109-112). 517 $aInternational Space Station 606 $aSpace plasmas$2nasat 606 $aSpacecraft charging$2nasat 606 $aSpace charge$2nasat 606 $aAtmospheric electricity$2nasat 606 $aElectric discharges$2nasat 615 7$aSpace plasmas. 615 7$aSpacecraft charging. 615 7$aSpace charge. 615 7$aAtmospheric electricity. 615 7$aElectric discharges. 700 $aHernandez-Pellerano$b Amri$01411186 712 02$aLangley Research Center, 712 02$aUnited States.$bNational Aeronautics and Space Administration, 801 0$bGPO 801 1$bGPO 906 $aBOOK 912 $a9910703962303321 996 $aInternational Space Station (ISS) plasma contactor unit (PCU) utilization plan assessment update$93501716 997 $aUNINA